Naruto - Membres de l’Akatsuki - Statistiques

Statistiques générales
  • Ce quiz a été pris 392 fois
  • Le résultat moyen est 12 sur 20
Statistiques - réponses
Descriptions des capacités des membres Noms des membres Villages d’origine % Correct
Il maîtrisait les six changement de nature du châkra et les cinq éléments à seulement 10 ans. Il dirigeait six corps grâce à son Rinnegan.Ses armes sont des barres de métal noire qui brouille le châtra de son adversaire lorsque ce dernier est touché ainsi que les capacités des sept corps qui le compose. Nagato | Pain Ame
96%
Elle pouvait transformer son corps en feuilles de papier qui se pliaient tel un origami pour former divers objets comme des papillons ou des shurikens.Ses armes sont des feuilles de papier plié à la manière d’origami. Konan Ame
94%
Le plus grand artisan marionnettiste de Suna.Ses armes sont des marionnettes conçus à partir de corps humain avec un arsenal d’arme intégré (lames, poisons,...) Sasori Suna
85%
Spécialiste des explosifs.Son armes est son argile explosive qu'il modèle en forme d'animaux ou de statues à son effigie. Le plus souvent, il crée un oiseau et l'utilise pour se déplacer en volant. Deidara Iwa
83%
Expert en dôjutsu et en genjutsu, bien qu'il excellait tout aussi bien dans tous les autres domaines.Ses armes sont principalement son Mangekyô Sharingan et ses très grandes compétences en ninjutsu, genjutsu, taijutsu et fûinjutsu. Itachi Uchiwa Konoha
83%
C’est l’un des trois Sannin légendaire. Il avait la puissance suffisante pour être le 4ème Hokage mais ne l'est pas devenu à cause de ses ambitions. Il est même parvenu à éliminer le Troisième Hokage, pourtant réputé pour être l'un des plus puissants Kage de l'histoire. Ses techniques se basent essentiellement sur les serpents.Son arme principale est également l'Épée de Kusanagi, une épée très puissante redouté même par Enma qui a pourtant d'après lui un corps aussi dur que le diamant. Orochimaru Konoha
83%
Expert en techniques Suiton et utilisateur de l'épée Samehada.Son arme est son épée du nom de « Samehada » (peau de requin) qui a la capacité d'absorber le chakra, tout comme lui. Kisame Hoshigaki Kiri
81%
Possédant un Sharingan et les pouvoirs classiques associés, il maîtrise aussi un ninjutsu spatio-temporel lui permettant de dématérialiser tout ou partie de son corps.Ses armes sont son œil droit (Mangekyô Sharingan) et son œil gauche (sharingan de secours puis Rinnegan), ainsi que l'éventail sur son dos qui renvoie les techniques ennemies. Tobi | Obito Uchiwa Konoha
80%
Spécialiste de l'assassinat, immortel sans doute grâce à sa religion. Il tuait ses victimes en faisant une sorte de rite vaudou.Ses armes sont une faux à trois lames, et une lance. Hidan Yu
77%
Il possède le Sharingan sous sa forme la plus évoluée et toutes les techniques qui vont avec. Il maîtrise les shuriken. Il peut invoquer des serpents. Sasuke Uchiwa Konoha
71%
C’est une ninja sensorielle, ayant la capacité de détecter le chakra d'une personne. Elle peut identifier la quantité et à qui appartient ce chakra sans problème et peut aussi dissimuler son chakra pour éviter que d'autres ninjas sensoriels ne la repèrent.Elle peut également soigner un allié en le laissant sucer son chakra. Elle est d'ailleurs couvertes de marques de morsures prouvant que cette capacité est souvent utilisée. Karin Kusa
67%
Expert en espionnage et infiltration, il pouvait se servir de la nature pour se déplacer sous terre à une vitesse inégalée. Il possédait une double personnalité.Ses armes son ses spores indétectables, une vision panoramique, sa capacité de drainer le chakra et de le copier pour créer des clones parfaits. Zetsu Non-mentionné
62%
Il est le porteur originel de la marque maudite d’Orochimaru. La marque lui donne évidemment plus de force et de vitesse. Son stade 2 est impressionnant car, plus que sa puissance, c'est sa personnalité qui change. Il peut également donner sa chair et son chair à toutes personnes compatibles avec le sceau maudit.Il est issu d’un clan qui peut absorber l’énergie naturelle spontanément cependant lorsque l’énergie naturelle est absorbée en grande quantité le rend sujet à des pulsions meurtrières. Jûgo Non-mentionné
59%
Il utilise la technique secrète de son clan, la Technique de Liquéfaction, qui le rend capable de se transformer en eau et de reprendre sa forme humaine à sa guise.Il est également doué dans le maniement des épées comme le Kubikiribôchô de Zabuza Momochi. Il est également un bon épéiste capable de lire dans le jeu de jambes de ses adversaires. Suigetsu Hôzuki Kiri
59%
Son corps était constitué de fils dont il se servait à sa guise notamment pour projeter ses bras. Il conservait les cœurs des ninjas qu'il tuait dans les masques cousus dans son dos afin de maîtriser les cinq éléments.Ses armes sont des fils suintant de ses bras, de sa bouche, ses masques-cœurs (quatre éléments), sa technique Doton de durcissement du corps. Kakuzu Taki
54%
Il possédait un chakra de nature Suiton et pouvait donc utiliser des techniques de cet élément. Il semblait également doué en kenjutsu puisqu'il fut montré les mains posées sur le pommeau d'une grande épée.Son arme est son épée. Yahiko Ame
52%
Il faisait parti des Sept Épéistes de la Brume, il excellait en kenjutsu. Il était également un utilisateur compétent du Suiton, étant capable de créer des clones aqueux ainsi que d'envelopper ses environs de brume épaisse.Son arme est l'épée Kubikiribôchô, une arme pouvant se régénérer à partir du sang des victimes. Jûzô Biwa Kiri
25%
Il utilisait bô et un grand bâton. Il pouvait aussi l'utiliser en conjonction avec son Suiton pour effectuer rapidement des techniques comme la Prison Aqueuse. Daibutsu Ame
4%
Ses compétences sont non-renseignées. Cependant, il souhaitait changer le destin d’Ame. Kie Ame
3%
Il était un shinobi qui possédait une grande vitesse. Il était aussi très doué dans la collecte de renseignements et dans la pratique du kenjutsu.Son arme est son épée. Kyûsuke Ame
2%
Aucun quiz correspondant
Distribution des résultats
% des personnes avec chaque résultat
Percentile par nombre de réponses
Votre historique - résultats
Vous n’avez pas pris ce quiz